Analog VLSI and neural systems (Record no. 3567)

000 -LEADER
fixed length control field 00595nam a2200229 a 4500
001 - CONTROL NUMBER
control field 3567
003 - CONTROL NUMBER IDENTIFIER
control field BD-DhUET
008 - FIXED-LENGTH DATA ELEMENTS--GENERAL INFORMATION
fixed length control field 0
020 ## - INTERNATIONAL STANDARD BOOK NUMBER
International Standard Book Number 0201059924
040 ## - CATALOGING SOURCE
Original cataloging agency DLC
Transcribing agency 0
Modifying agency BD-DhUET
050 00 - LIBRARY OF CONGRESS CALL NUMBER
Item number .
082 00 - DEWEY DECIMAL CLASSIFICATION NUMBER
Classification number 623.95
Item number MEA/1989
100 ## - MAIN ENTRY--PERSONAL NAME
Personal name Mead, Carver
245 10 - TITLE STATEMENT
Title Analog VLSI and neural systems
Statement of responsibility, etc. by Carver Mead
250 ## - EDITION STATEMENT
Edition statement 1st ed
260 ## - PUBLICATION, DISTRIBUTION, ETC. (IMPRINT)
Place of publication, distribution, etc. New York
Name of publisher, distributor, etc. Addison-Wesley
Date of publication, distribution, etc. 1989
300 ## - PHYSICAL DESCRIPTION
Extent xxii, 371 p., 8 p. of plates
Other physical details ill. (some col.)
Dimensions 24 cm.
490 1# - SERIES STATEMENT
Series statement Addison-Wesley VLSI systems series
504 ## - BIBLIOGRAPHY, ETC. NOTE
Bibliography, etc Includes bibliographies
650 #0 - SUBJECT ADDED ENTRY--TOPICAL TERM
Topical term or geographic name as entry element Neural computers
942 ## - ADDED ENTRY ELEMENTS (KOHA)
Koha item type General Book
Holdings
Price effective from Location (home branch) Sublocation or collection (holding branch) Piece designation (barcode) Withdrawn status Source of classification or shelving scheme Lost status Copy number Koha date last borrowed Koha date last seen Koha normalized classification for sorting Not for loan Koha full call number Damaged status Koha issues (times borrowed) Koha item type Date acquired Shelving location
2014-11-02Central Library, BUETCentral Library, BUET90935   12021-09-272021-09-27623_000000000000000_95MEA1989 623.95/MEA/1989 1General Book2014-11-02Circulation section
2014-11-02Central Library, BUETCentral Library, BUET90944   22021-09-272021-09-27623_000000000000000_95MEA1989 623.95/MEA/1989 1General Book2014-11-02Circulation section
2014-11-02Central Library, BUETCentral Library, BUET90934   32021-09-272021-09-27623_000000000000000_95MEA1989 623.95/MEA/1989 1General Book2014-11-02Circulation section
2014-11-02Central Library, BUETCentral Library, BUET90936   42021-09-272021-09-27623_000000000000000_95MEA1989 623.95/MEA/1989 1General Book2014-11-02Circulation section
2014-11-02Central Library, BUETCentral Library, BUET90942   52021-09-272021-09-27623_000000000000000_95MEA1989 623.95/MEA/1989 1General Book2014-11-02Circulation section
2014-11-02Central Library, BUETCentral Library, BUET90945   6 2014-11-02623_000000000000000_95MEA1989 623.95/MEA/1989  General Book2014-11-02Circulation section
2014-11-02Central Library, BUETCentral Library, BUET90946   72025-10-282025-11-03623_000000000000000_95MEA1989 623.95/MEA/1989 13General Book2014-11-02Circulation section
2014-11-09Central Library, BUETCentral Library, BUET90943   82021-09-272021-09-27623_000000000000000_95MEA1989 623.95/MEA/1989 1General Book2014-11-09Circulation section
2015-06-27Central Library, BUETCentral Library, BUET90932   9 2015-06-27623_950000000000000_MEA_1989 623.95/MEA/1989  Rental Item2015-06-27Reading section
2015-06-27Central Library, BUETCentral Library, BUET90933   10 2015-06-27623_950000000000000_MEA_1989 623.95/MEA/1989  Reading Item2015-06-27Reading section